00772 a2200181 45000010006000000050017000060080041000230030015000640400040000790800070001192450051001890200018002402640106002583000019003645050175003830410008005581000024005665995120260407155852.0260407a2004 arg spa dAR-UNSa-BCEJYS aAR-UNSa-BCEJYSbspacAR-UNSa-BCEJYS a339.923:061.1EUxDisposiciones económicas de la Unión Europea10aUnión Europeap¿Paradigma de integración? a950-29-0808-2 1aBuenos Aires :bUniversidad de Buenos Aires. Facultad de Derecho. Departamento de Publicacionesc2004 a407 p.c23 cm. aPrimera Parte: Antecedentes, génesis y evolución de las comunidades europeas – 2. La comunidad europea – 3. La unión Europea – 4. El nuevo damero europeo –  aspa1 aIza, Alejandro Omar